000 00536nam a22001697a 4500
005 20251108164200.0
008 250721s1987 xx 000 0 ara d
082 1 4 _a210.40015/يوس
100 1 _aأبو هلاله، يوسف محي الدين
245 1 0 _aالإعلام اليهودي المعاصر و أثره في الأمة الإسلامية /
264 1 _aعمان :
_bمكتبة الرسالة،
_c1987.
300 _a103 ص
650 1 7 _aالإسلام
650 1 7 _aالإعلام
942 _2ddc
_cBK
999 _c5716
_d5716